000 01000nam a2200301 i 4500
001 000025194
003 DO-SdBNP
005 20251031123013.0
007 ta
008 110211s1977 dr 000 0 spa d
040 _aDO-SdBNP
_bspa
_cBNPHU
_erda
041 _aspa
082 _a342.729307
_bR426L 1977
_222
110 1 _aRepública Dominicana.
_bJunta Central Electoral
_964605
240 1 0 _a[Leyes, etc.]
245 1 0 _aLey electoral.
264 1 _aSanto Domingo de Guzmán, D. N. :
_bJunta Central Electoral,
_c1977.
300 _axxxix, 125 páginas ;
_c20 cm.
336 _ardacontent
_btexto
_2txt
337 _ardamedia
_bsin mediación
_2n
338 _ardacarrier
_bvolumen
_2nc
590 _aInventariado, 2018/ YL
650 4 _aElecciones
_xLegislación
_zRepública Dominicana
_9412
650 4 _aSufragio
_xLegislación
_zRepública Dominicana
_927666
651 0 _aRepública Dominicana
_xPolítica y gobierno
_945
910 _aValidado. Control de calidad MFF
942 _2ddc
_cLBS1
999 _c24687
_d24687